| 000 | 00760nam a2200217Ia 4500 | ||
|---|---|---|---|
| 001 | 5668 | ||
| 003 | GE_BSU | ||
| 008 | 181216s||||||||xx |||||||||||||| ||und|| | ||
| 040 | _cGE_BSU | ||
| 080 | _a517.5(075.8)+517.98(075.8) | ||
| 100 | _aКолмогоров А.Н. Название | ||
| 245 | _aЭлементы теории функций и функционального анализа. | ||
| 245 | _bУчебник для студ матемаических спец ун-еов | ||
| 250 | _aизд3-.ье перер. | ||
| 260 | _aМосква | ||
| 260 | _bНаука | ||
| 260 | _c1972. | ||
| 300 | _a496с 22см. | ||
| 653 | _aЭлементы теории функций и функционального анализа | ||
| 942 | _cBK | ||
| 999 |
_c39097 _d39097 |
||